| Поле | Инд. | ПП | Название | Значение |
|---|---|---|---|---|
| Тип записи | a | |||
| Библиографический уровень | b | |||
| 001 | Контрольный номер | UNIDUBNA53980e8e56b448a185db08ed5f232bc7 | ||
| 005 | Дата корректировки | 20230712144433.9 | ||
| 008 | Кодируемые данные | 20170331 | ||
| 040 | b | Код языка каталог. | rus | |
| e | Правила каталог. | PSBO | ||
| 041 | 0_ | a | Код языка текста | rus |
| 084 | a | Индекс другой классификации/Индекс ББК | 60.993.4; 88.725; 88.74-5; 88.93 | |
| 100 | 1_ | a | Автор | Блинова О. В. |
| 245 | 10 | a | Заглавие | Становление первоначальных продуктивных форм деятельности (художественных навыков, изобразительных и аппликационных умений) у воспитанников с выраженной степенью интеллектуальной недостаточностью, с множественными нарушениями в развитии |
| 520 | 0_ | a | Аннотация | У детей с интеллектуальной недостаточностью имеет место снижение эмоциональной отзывчивости, общение с людьми лишено эмоциональной окраски. Корректировать подобные состояния помогает система художественных занятий... |
| 650 | 14 | a | Основная рубрика | клиническая психология (медицинская психология) |
| a | Основная рубрика | патопсихология | ||
| a | Основная рубрика | познавательные процессы | ||
| a | Основная рубрика | практическая психология (прикладная психология) | ||
| a | Основная рубрика | психокоррекция | ||
| a | Основная рубрика | психология | ||
| a | Основная рубрика | социальная работа | ||
| a | Основная рубрика | специальная психология | ||
| 653 | 0_ | a | Ключевые слова | арт-терапия |
| a | Ключевые слова | дети-инвалиды | ||
| a | Ключевые слова | деятельность | ||
| a | Ключевые слова | дома-интернаты | ||
| a | Ключевые слова | изобразительная деятельность | ||
| a | Ключевые слова | интеллектуальная недостаточность | ||
| a | Ключевые слова | когнитивные нарушения | ||
| a | Ключевые слова | нарушение интеллекта | ||
| a | Ключевые слова | нарушения развития | ||
| a | Ключевые слова | несовершеннолетние | ||
| a | Ключевые слова | психологическое сопровождение | ||
| a | Ключевые слова | психосоциальная реабилитация | ||
| a | Ключевые слова | реабилитационные центры | ||
| a | Ключевые слова | социальная адаптация | ||
| a | Ключевые слова | социальная интеграция | ||
| a | Ключевые слова | творчество | ||
| a | Ключевые слова | умственная отсталость | ||
| a | Ключевые слова | центры социального обслуживания | ||
| a | Ключевые слова | эмоционально-волевые расстройства | ||
| 773 | 08 | t | Заглавие источника | Работник социальной службы |
| d | Дата издания источника | 2022 | ||
| g | Прочая информация | № 6. - С. 100 - 102 | ||
| w | Контрольный № источника | UNIDUBNA819a4fc602bc4c6d8fffbca4a5023ac7 | ||
| 901 | t | Тип документа | b |